[Event "POHÁR města Říčany 2024"]
[Site "Městské kulturní středisko U labutě"]
[Date "2024.06.30"]
[Round "3.29"]
[White "Jirousek, Tadeas"]
[Black "Jankovsky, Zbynek"]
[Result "1-0"]
[WhiteElo "1831"]
[BlackElo "1739"]
[WhiteFideId "382353"]
[BlackFideId "23700521"]
[PlyCount "0"]
[EventDate "2024.06.29"]

1. d4 e6 2. Nf3 c5 3. e3 cxd4 4. exd4 Nf6 5. Bd3 Nc6 6. O-O Be7 7. b3 d5
8. Nbd2 a6 9. Bb2 b5 10. Ne5 Qc7 11. a3 Bb7 12. f4 Bd6 13. Qf3 Ne7 14. Rae1 Qa5
15. b4 Bxb4 16. axb4 Qxb4 17. Nb3 O-O 18. Bc3 Qd6 19. Na5 Bc8 20. Ra1 Qb8
21. Bb4 Re8 22. g4 Ng6 23. g5 Ne4 1-0

[Event "POHÁR města Říčany 2024"]
[Site "Městské kulturní středisko U labutě"]
[Date "2024.06.30"]
[Round "3.30"]
[White "Lavrincik, Pavel"]
[Black "Zabehlicky, Jiri"]
[Result "1-0"]
[WhiteElo "1812"]
[BlackElo "1653"]
[WhiteFideId "320188"]
[BlackFideId "339059"]
[PlyCount "0"]
[EventDate "2024.06.29"]

1. c4 e5 2. Nc3 Nf6 3. e4 d6 4. g3 Be7 5. Bg2 O-O 6. Nge2 Nc6 7. O-O Be6 8. Nd5
Qd7 9. Nxe7+ Qxe7 10. d3 Nd7 11. f4 f5 12. Nc3 fxe4 13. Nd5 Qd8 14. dxe4 exf4
15. gxf4 Nf6 16. b3 Ne7 17. Bb2 Nexd5 18. cxd5 Bg4 19. Qd3 Qd7 20. Rae1 Bh5
21. Re3 Be8 22. Bh3 Qe7 23. e5 dxe5 24. fxe5 Nh5 25. Rxf8+ Qxf8 26. Be6+ Kh8
27. Rf3 Qe7 28. Bf5 Qg5+ 29. Kf2 Nf4 30. Qe4 Qh4+ 31. Ke3 Ng6 32. Bxg6 Qxe4+
33. Bxe4 1-0

[Event "POHÁR města Říčany 2024"]
[Site "Městské kulturní středisko U labutě"]
[Date "2024.06.30"]
[Round "3.31"]
[White "Dudkova, Josefina"]
[Black "Soukup, Alexandr"]
[Result "1-0"]
[WhiteElo "1794"]
[BlackElo "1527"]
[WhiteFideId "23712350"]
[BlackFideId "23763469"]
[PlyCount "0"]
[EventDate "2024.06.29"]

1. d4 d5 2. Nf3 Nf6 3. e3 Bf5 4. c4 e6 5. Nc3 Nbd7 6. Qb3 Qb8 7. cxd5 exd5
8. Nxd5 Be6 9. Nxf6+ Nxf6 10. Qc2 Bb4+ 11. Bd2 Bxd2+ 12. Qxd2 O-O 13. Bd3 Bd5
14. Ne5 c5 15. O-O Qc7 16. Rac1 b6 17. b4 Be4 18. bxc5 Bxd3 19. Qxd3 Rac8 20. c6
Rfd8 21. f4 Qd6 22. Qc4 Rc7 23. a4 Rdc8 24. Rfd1 Nd5 25. Qb3 Kh8 26. e4 f6
27. exd5 fxe5 1-0